000 01280nam2a22002531 4500
001 v19\rc\1730972
005 20250619043533.0
035 _a(NLR Aleph) 004826386
090 _a5065505
_c5065505
100 _a20061002d1912 |||y0rusy50 ca
101 0 _arus
102 _aRU
105 _ay z |||||
200 0 _a... за 1911-й год
_eС 1 янв. 1911 г. по 1 янв. 1912 г.
_e13-й отчетный год
210 _d1912
_aБ. м.
215 _a23, 23 с. парал. паг.
461 0 _1001v19\rc\1730961
_12001#$aОтчет Товарищества паровой самоварной фабрики наследников Василия Степановича Баташева в Туле...$v... за 1911-й год
_95065408
_aПаровая самоварная фабрика наследников В. С. Баташева (Тула)
_cТула
_d1901-1914
_tОтчет Товарищества паровой самоварной фабрики наследников Василия Степановича Баташева в Туле...
_v... за 1911-й год
801 0 _aRU
_bNLR
_gpsbo
801 0 _aRU
_bRuMoRGB
_2psbo
801 1 _aRU
_bProSoft-M
_2rusmarc
852 _aNLR
_j18.281.1.184(2)
899 _aRuMoRGB
_jM 31/38
942 _cBOOK
980 _aNB